LEADER 01227nam a2200241 i 4500 001 000000175130 003 CaOOAMICUS 005 20081023000000.0 008 081023s1978 it u000 u mul u 013 $a152607 040 $aSeMil$bita 100 1 $aSavonarola, Girolamo,$c.$0(OLS)http://semarc/name/89716 245 10$aSolatium itineris mei :$bredazione completa e redazione incompleta /$cGirolamo Savonarola ; a cura di Giulio Cattin. 260 $aRoma :$bA. Belardetti,$cstampa 1978. 300 $a206 p. ;$c25 cm. 650 4$aSavonarola, Girolamo - Opere.$0(OLS)http://semarc/subject/2899 700 1 $aCattin, Giulio <1929- >.$0(OLS)http://semarc/name/8009 773 0 $aSavonarola, Girolamo $tEdizione nazionale delle opere di Girolamo Savonarola.$dRoma : A. Belardetti, 1971-1996.$w()18097 850 $aSeMil 852 $aSeMil$W1$xVenegono$y1$m2LL I 94$j257338$B125955$CSeMilBibl$Z2$F137045 $81 961 $aAcquisto: Belardetti 996 $6245$aSolatium itineris mei :$bredazione completa e redazione incompleta$9(OLS)http://semarc/title/251145 996 $6260$aRoma :$bA. Belardetti$9(OLS)http://semarc/publisher/30325 LEADER 01594nam a2200313 i 4500 001 000000152486 003 CaOOAMICUS 005 20260316142644.0 008 060810s1986 fr u000 u fre u 013 $a129827 020 $a2-85021-021-8 040 $aSeMil$bita 100 1 $aGonçalves, Francolino José,$c.$0(OLS)http://semarc/name/93557 245 12$aL'expédition de Sennachérib en Palestine dans la Littérature Hébraïque Ancienne /$cpar Francolino J. Gonçalves. 260 $aParis :$bGabalda,$c1986. 300 $aXI, 578 p. ;$c25 cm. 490 1 $aÉtudes bibliques. Nouvelle série ;$v7 600 04$aSennacherib .$0(OLS)http://semarc/subject/29777 650 4$aAssiria - 746-612 a.C. .$0(OLS)http://semarc/subject/52906 650 4$aBibbia. Antico Testamento. Re - Commentari, studi, critica, interpretazioni.$0(OLS)http://semarc/subject/52904 650 4$aStoria militare [nella] Bibbia.$0(OLS)http://semarc/subject/52905 830 0$aÉtudes bibliques. Nouvelle série [Gabalda ; Peeters] ;$v7.$0(OLS)http://semarc/title/275 850 $aSeMil 852 $aSeMil$W1$xVenegono$y1$m2IA D 7$j261406$B104440$CSeMilBibl$Z2$F113489 $81 961 $aAcquisto: Casa editrice 996 $6020$a2-85021-021-8$9(OLS)http://semarc/number/142183 996 $6245$aL'expédition de Sennachérib en Palestine dans la Littérature Hébraïque Ancienne$9(OLS)http://semarc/title/222956 996 $6260$aParis :$bGabalda$9(OLS)http://semarc/publisher/29624